| 000 | 01223nac a22002531i 4500 | ||
|---|---|---|---|
| 003 | EG-ScBUE | ||
| 005 | 20250126101414.0 | ||
| 008 | 250126s1981 enka f b 001 0 eng d | ||
| 020 | _a0198511515 | ||
| 040 |
_aEG-ScBUE _beng _erda _cEG-ScBUE _dEG-ScBUE |
||
| 082 | 0 | 4 |
_a530 _bNAT _222 |
| 245 | 0 | 4 |
_aThe nature of matter : _bWolfson College lectures 1980 / _cedited by J. H. Mulvey. |
| 264 | 1 |
_aOxford : _bClarendon Press Oxford, _c1981. |
|
| 300 |
_axiii, 202 pages : _billustrations ; _c25 cm |
||
| 336 |
_2rdacontent _atext _btxt |
||
| 337 |
_aunmediated _2rdamedia _bn |
||
| 338 |
_avolume _bnc _2rdacarrier |
||
| 504 | _aIncludes bibliographical references and index. | ||
| 505 | 0 | _aIntroduction -- The organization of the universe / by Denis Wilkinson -- Particles and forces / by Rudolf Peierls -- Manifest and hidden symmetries / by C.H. Llewellyn Smith -- Inside the proton / by D.H. Perkins -- Unification of the forces / by Abdus Salam -- The very large and the very small / by John Ellis -- The tools of particle physics / by J.B. Adams -- Questions for the future / by Murray Gell-Mann. | |
| 650 | 7 |
_aMatter. _2BUEsh |
|
| 655 | _vReading book | ||
| 700 | 1 |
_aMulvey, J. H. _q(John H.) _eeditor. |
|
| 942 |
_cBB _2ddc |
||
| 999 |
_c3920 _d3920 |
||